LIBRARY & INFORMATION CENTRE, KCAET, TAVANUR

ONLINE PUBLIC ACCESS CATALOGUE (OPAC)

Co-ordinate geometry / (Record no. 3008)

MARC details
000 -LEADER
fixed length control field 00531cam a2200229ua 4500
041 ## - LANGUAGE CODE
Language code of text/sound track or separate title eng
082 ## - DEWEY DECIMAL CLASSIFICATION NUMBER
Classification number 516.06
Item number MIT/CO
100 ## - MAIN ENTRY--AUTHOR NAME
Personal name Mittal, S c .
245 ## - TITLE STATEMENT
Title Co-ordinate geometry /
250 ## - EDITION STATEMENT
Edition statement 2 /
260 ## - PUBLICATION, DISTRIBUTION, ETC. (IMPRINT)
Place of publication Meerut :
Name of publisher Pragati Prakashan ,
Year of publication 1982.
300 ## - PHYSICAL DESCRIPTION
Number of Pages 152 ; .
942 ## - ADDED ENTRY ELEMENTS (KOHA)
Koha item type Books
Holdings
Withdrawn status Lost status Damaged status Home library Current library Date acquired Full call number Accession Number Koha item type
      KAUAET KAUAET 07/04/2012 516.06 14744 Books
      KAUAET KAUAET 07/04/2012 516.06 14745 Books
      KAUAET KAUAET 07/04/2012 516.06 14746 Books
      KAUAET KAUAET 07/04/2012 516.06 14747 Books
      KAUAET KAUAET 07/04/2012 516.06 14748 Books
free website counter